| 000 | 00562nam a2200169 i 4500 | ||
|---|---|---|---|
| 001 | 85050 | ||
| 003 | ES-MaACL | ||
| 005 | 20230906175155.0 | ||
| 007 | t| | ||
| 008 | 041125q1979 xxk ||||1| eng d | ||
| 100 | 1 |
_aJiménez, J. _966410 |
|
| 245 | 1 | 4 |
_aThe spectrum of large scale structures in a mixing layer / _cJ. Jiménez, R. Martínez-Val, M. Rebollo. |
| 260 |
_a[S.l. : _bs.n., _c1979?] |
||
| 300 |
_a5 h. ; _c30 cm. |
||
| 711 | 2 |
_aInternacional Symposium on Turbulente Shear Flows ( _n2nd. _d1979. _cLondon) _9758 |
|
| 852 |
_aES-MaACL _j2116-F-31 _bR.99845 |
||
| 999 |
_c85050 _d85050 |
||